Statistics for Chinese Provinces by highest Point

Click here to take the quiz!

General Stats

  • This quiz has been taken 21 times
  • The average score is 13 of 31

Answer Stats

H. PointProvince% Correct
8,848 mTibet
100%
6,860 mQinghai
78%
7,556 mSichuan
78%
8,611 mXinjiang Uyghur
78%
5,798 mGansu
67%
6,740 mYunnan
67%
3,767 mShaanxi
56%
2,900 mGuizhou
44%
3,105 mHubei
44%
3,556 mInner Mongolia & Ningxia
44%
3,058 mShanxi
44%
2,157 mFujian & Jiangxi
33%
1,902 mGuangdong
33%
2,141 mGuangxi
33%
1,867 mHainan
33%
2,882 mHebei
33%
2,414 mHenan
33%
2,099 mHunan
33%
1,336 mLiaoning
33%
1,545 mShandong
33%
103 mShanghai
33%
1,873 mAnhui
22%
2,303 mBeijing
22%
2,685 mChongqing
22%
1,690 mHeilongjiang
22%
957 mHong Kong
22%
625 mJiangsu
22%
2,744 mJilin
22%
172 mMacau
22%
1,078 mTianjin
22%
1,921 mZhejiang
22%

Score Distribution

Percentile by Number Answered

Percent of People with Each Score

Your Score History

You have not taken this quiz